Statistics for Miitopia Worlds

Click here to take the quiz!

General Stats

  • This quiz has been taken 5 times
  • The average score is 8 of 12

Answer Stats

HintWorld% Correct
Beautiful green mountains ruled over by a gluttonous kingGreenhorne
100%
Beach known for its lovely shores and unusually strong monstersGalados Isle
67%
The Dark Lord’s place of residenceKarkaton
67%
Metropolis with monsters so powerful that nothing could control themNew Lumos
67%
Futuristic city in the cloudsNimbus
67%
The final world - or is it?Otherworld
67%
A weird land filled with even weirder… “creatures”Peculia
67%
Icy mountain so large it can even be seen from a desert!Powdered Peaks
67%
Enchanted forest protected by the Fab Fairies and the TwerkeysRealm of the Fey
67%
Treacherously tall tower teeming with terrorsThe Sky Scraper
67%
Hub where adventures will come to receive questsTraveller’s Hub
67%
Desert tormented by an all-powerful genieNeksdoor
33%

Score Distribution

Percentile by Number Answered

Percent of People with Each Score

Your Score History

You have not taken this quiz